000 02325nam0a2200361 4500
001 RU\NLR\bibl\833520
005 20250614142501.0
021 _aRU
_b2005-20105
_91023
035 _aRSL-KNO-002594878
035 _a(NLR Aleph) 000822376
090 _a1309320
_c1309320
100 _a20050421d2004 |||y0rusy50 ca
101 0 _arus
102 _aRU
105 _ay |||||||||
106 _ar
200 1 _aКвалификация нарушений правил дорожного движения и эксплуатации транспортных средств (ст. 264 УК РФ)
_eучеб. пособие
_fЛ. Ф. Рогатых, В. Б. Малинин
_gС.-Петерб. юрид. ин-т Генер. прокуратуры Рос. Федерации
210 _aСПб.
_cС.-Петерб. юрид. ин-т Генер. прокуратуры Рос. Федерации
_d2004
215 _a59 с.
_d21
320 _aБиблиогр.: с. 56-57 (20 назв.)
604 _171001$aРоссийская Федерация. Законы
_150011$aУголовный кодекс Российской Федерации$2psbo
_aРоссийская Федерация. Законы
_tУголовный кодекс Российской Федерации
606 1 _aТранспортные преступления
_jУчебные издания для высших учебных заведений
_xКвалификация
_yРоссийская Федерация
_92397402
_3RU\NLR\auth\661429309
610 0 _aГосударство и право. Юридические науки -- Уголовное право -- Российская Федерация -- Преступления против общественной безопасности -- Нарушение правил безопасности движения -- Учебник для повышения квалификации
686 _aХ628.112.016я77-1
_2rubbk
686 _aХ628.112.016.05я73
700 1 _aРогатых
_bЛ. Ф.
_gЛюбовь Федоровна
_4070
701 1 _aМалинин
_bВ. Б.
_gВасилий Борисович
_4070
801 0 _aRU
_bRuMoRKP
_c20050421
_grcr
801 1 _aRU
_bRuMoRGB
_c20050421
801 2 _aRU
_bNLR
_c20050823
_grcr
942 _cBOOK
980 _aNB